Á lódáil...
Victorian conscience /
| Príomhúdar: | |
|---|---|
| Teanga: | Undetermined |
| LEADER | 00318nam a2200109Ia 4500 | ||
|---|---|---|---|
| 001 | 38005 | ||
| 008 | 170722s9999 xx 000 0 und d | ||
| 100 | |a Decker, Clarence R. | ||
| 245 | |a Victorian conscience / | ||
| 942 | |c GEN | ||
| 999 | |c 20264 |d 20264 | ||
| 952 | |0 0 |1 0 |4 0 |7 0 |8 LC1 |9 23971 |a LIB |b LIB |d 2017-08-12 |p 54603 |r 2017-08-12 |w 2017-08-12 |y GEN | ||